000 00676nam a2200241Ia 4500
003 OSt
005 20220924113200.0
006 a|||||r|||| 00| 0
007 ta
008 220923b |||||||| |||| 00| 0 eng d
024 _a229471
037 _cDictionary
040 _aARTS
_cARTS
_beng
041 _2eng
_aeng
082 _aP654:4k, H6-;K2-;1(906)
100 _aAbhraham R.C
_9169658
245 0 _aDictionary of the Hausa Language
260 _aLondon
_bUniversity of London Press
_c1946
300 _axxvii,992p.
_ccm.
650 _aLINGUISTICS
942 _hP654:4k, H6-;K2-;1(906)
_cdic
_2cc
999 _c389473
_d389473